01234nam a2200253Ia 4500952010000000952010000100952010000200952010000300999001700400005001700417008004100434020001500475040000800490050001900498100002200517245003300539260005400572300001800626500003700644505022100681519004300902650002300945942001200968 00102lcc4070a01b01d2022-09-27l0oD21 B76 1973p16 002083r2023-07-12t1w2022-09-27yLB 00102lcc4070a01b01d2022-09-27l0oD21 B76 1973p16 002084r2023-07-12t2w2022-09-27yLB 00102lcc4070a01b01d2022-09-27l0oD21 B76 1973p16 002085r2023-07-12t3w2022-09-27yLB 00102lcc4070a01b01d2022-09-27l0oD21 B76 1973p16 002086r2023-07-12t4w2022-09-27yLB c53668d5366820231102150509.0120603t1973 mx a g 000 0 spa d a9700512150 eRDA aD21 bB76 1973 0aBrom, Juaneautor10aEsbozo de historia universal aMéxico b: tratados y manuales Grijalboc, 1973 a275 páginas aCada capítulo incluye: resumen aI. Contenido II. Introducción III. La historia IV. La prehistoria V. La antigüedad VI. La edad media VII. La edad moderna VIII. La edad contemporánea IX. El siglo XIX X. El siglo XX XI. Consideraciones finales  a Material complementario / d16 00208310aHISTORIA UNIVERSAL cLB2lcc